000 00310nam a2200121Ia 4500
005 20251222144728.0
008 251222s9999||||xx |||||||||||||| ||spa||
082 _a338.985/M84
100 _aMontoya Canchis, Luis
245 0 _aMirando el Futuro desde el Cono Norte de Lima:
264 _bCOPOME
942 _cLIB
999 _c18487
_d18487